000 00329pam a2200133 a 4500
020 _c
041 _h
082 _a751.4224
_bLOW
100 _aArnold Lowrey .
245 _aHandbook of watercolour Tips and Techniques
_hTextual Documents
260 _a[s.l]:
_bSearch Press,
_c2015.
300 _a376:
_bpaper.
930 _a7959
999 _c241749
_d241749